| 000 | 00943nam a22002655a 4500 | ||
|---|---|---|---|
| 005 | 20080522115808.0 | ||
| 008 | 080520s2008 nyu 000 0 eng | ||
| 010 | _aENG-95805 | ||
| 020 |
_a9788173200915 _c1950.00 |
||
| 020 |
_a8173200915 _c1950.00 |
||
| 035 | _aEN-79338 | ||
| 037 | _bDBAD/PUB | ||
| 040 | _aDPL | ||
| 082 | _a726.1450954 | ||
| 100 | _aPadhi, Braja Kishor | ||
| 245 |
_aReligious art & archiecture of North-East India / _cby Braja Kishor Padhi |
||
| 250 | _a. | ||
| 260 |
_aNew Delhi _bAgam Kala Prakashan _c2009 |
||
| 270 |
_a34, Central Market, Ashok Vihar _bNew Delhi _e110052 |
||
| 300 |
_axix,284p _b28cm, (Hb) |
||
| 500 | _aIncludes Index | ||
| 942 |
_2ddc _cEN _mPAD _h726.1450954 |
||
| 999 |
_c33566 _d33566 |
||